1970s Movie Definitions Quiz Stats

Quiz Updated Dec 14, 2017

Challenge
Share
Tweet
Embed
Score 0/15 Timer 02:00
0 Plays Today
% Correct
Earthquake
97%
Scarecrow
96.9%
Shampoo
96.6%
Jaws
96%
Grease
95.9%
Airport
95.8%
Convoy
95.7%
Cabaret
95.3%
% Correct
Phantasm
95.1%
Deliverance
94.5%
MASH
94.1%
Sleuth
93.8%
Network
92%
Badlands
91.9%
Rocky
86.2%

You're not logged in!

Compare scores with friends on all Sporcle quizzes.
Join for Free
OR
Log In

You Might Also Like...

Show Comments

Extras

Top Quizzes Today


Score Distribution

Your Account Isn't Verified!

In order to create a playlist on Sporcle, you need to verify the email address you used during registration. Go to your Sporcle Settings to finish the process.

Report this User

Report this user for behavior that violates our Community Guidelines.

Details: